000 00893nam a22002897a 4500
003 CHAP
005 20220329135103.0
008 971013s1970 r 00010 d
010 _a30731
011 _a31703
035 _a35815
040 _cCHAP
090 _aFolleto 4125
110 _aNational Fertilizer Development Center. Muscle Shoals, Ala.
_980349
245 _aHigh-yielding cereals and fertilizer demand
260 _aMuscle Shoals, Ala. :
_bNFDC,
_c1970
300 _a22 p.
_b; gráfs.
490 _aNFDC. Bulletin
_v; Y-4
590 _aBATCH-UPD
_b10
_c20130110
_lUCH01
_h1955
590 _aCONVERSION
_b10
_c20130109
_lUCH01
_h1317
650 1 4 _aCultivos
_xRendimiento.
_930318
650 1 4 _aFertilizantes
_xEfecto en cereales.
_940492
830 0 _aNFDC. Bulletin
_v; Y-4
_981119
901 _aBK
942 _cFOLL
949 _aFolleto 4125
_bBC
_cFOLL
_d-82739
_eTS1
_i35815
_si
999 _c30731
_d30731